Carregant...

Raja Ravi varma, portrait of an artist: The diary of C Raja Raja Varma

Dades bibliogràfiques
Autor principal: Erwin Neumayer Christine Schelberger
Format: Printed Book
Publicat: New Delhi OUP 2005
LEADER 00464nam a22001217a 4500
020 |a 0195659716 
082 |a 700.92095483  |b RAJ.D 
100 |a Erwin Neumayer  |a Christine Schelberger 
245 |a Raja Ravi varma, portrait of an artist: The diary of C Raja Raja Varma 
260 |a New Delhi  |b OUP  |c 2005 
942 |c BK 
999 |c 6062  |d 6062 
952 |0 0  |1 0  |4 0  |6 700_920954830000000_RAJ_D  |7 0  |8 REF  |9 7409  |a CAMPUS  |b CAMPUS  |d 2015-10-05  |l 0  |o 700.92095483 RAJ.D  |p 11547  |r 2015-10-05  |w 2015-10-05  |y BK